00486nam a2200181Ia 4500003000400000005001700004008004200021040001600063082001700079100002900096245006100125260004200186300001000228650001000238650002700248650001700275650001200292GCL20240530100105.0140319s9999 xx 000 0 aRus d aGCL / cGCL04a720.946bM A1 aMARTIN, ALEFONSO JIMENEZ10aARQUITE CTURA EN AL ANDALUS / cMARTIN, ALEFONSO JIMENEZ a[S.N] : bJUNA DE ANDALUCIA ، c1996 a284 P04aSPAIN04aARCHITECTURE - ANDALUS04aARCHITECTURE04aANDALUS